Fuoco su Babilonia

Guardat en:
Dades bibliogràfiques
Autor principal: Brunettin Valentina
Format: Llibre
Idioma:idioma desconegut
Publicat: Venezia Marsilio 2002
Etiquetes: Afegir etiqueta
Sense etiquetes, Sigues el primer a etiquetar aquest registre!

MARC

LEADER 00000nam a2200000Ia 4500
001 305
003 NUMERAZIONE-ORIGINALE-BRESCIA
005 20260206230752.0
008 260206s9999 xx 000 0 und d
100 |a Brunettin Valentina 
245 0 |a Fuoco su Babilonia 
260 |a Venezia 
260 |b Marsilio 
260 |c 2002 
500 |a Farfalle 
942 |2 ddc  |c BK  |n 0 
952 |0 0  |1 0  |2 ddc  |4 0  |6 23  |7 0  |9 28506  |a BS  |b BS  |d 2026-02-06  |i 305  |l 0  |o 2-3-*  |r 2026-02-06 22:40:36  |w 2026-02-06  |x [REVISIONARE]  |y BK 
999 |c 24178  |d 24178